000 01248nam a2200325 4500
003 EG-GICUC
005 20260409181627.0
008 260409s2011 ua ||||frv||| 000 0 ara d
017 _a2010/23944
040 _a EG-GICUC
_bara
_c EG-GICUC
_d EG-GICUC
_erda
041 0 _aara
082 0 4 _221
_a343.3844
_bأ ح . م
092 0 4 _221
099 _aLaw1 10 343.3844 أ ح . م 2011
100 0 _aأحمد إبراهيم عطية.
_eمؤلف.
245 1 2 _aالموسوعة الماسية في أحكام النقض الجنائي /
_cإعداد المستشار أحمد إبراهيم عطية.
250 _aالطبعة الأولى.
264 1 _aالقاهرة :
_bالناس للطباعة،
_c2011.
300 _a930 صفحة، صفحات غير مرقمة ؛
_c28 سم.
336 _2rda content
_atext
337 _2rda media
_aComputer
338 _2rda carrier
_aOnline Resource
505 _aتحتوي على أحكام النقض الجنائي قواعد - مبادئ 2008 -2009 حتي مارس 2010.
546 _aالنص باللغة العربية
650 1 _aالنقض
_2qrmak
651 1 _2qrmak
856 4 0 _uhttps://fll.law.cu.edu.eg/fulltext/bks/B10-09251.pdf
905 _a62
942 _2ddc
_n0
_cBK
_e21
999 _c69906
_d69906